000 01919nam a22002657a 4500
999 _c1102
_d1102
003 OSt
005 20190722192651.0
008 170216b xxu||||| |||| 00| 0 esp d
040 _cDO-SdBJH
_aDO-SdBJH
_bspa
090 _aTG EGCEMC
_b00778 2014
100 1 _aFeliz Piñeyro, Luís
_esustentante
245 1 0 _aPropuesta para la creación de un programa de acción cívica para enfermedades catastróficas en apoyo a la provincia Dajabón, año 2015-2019 /
_cLuís Feliz Piñeyro, asesores Fanny Torres, José J. Valenzuela Martínez
260 _aSanto Domingo :
_bINSUDE,
_c2014
300 _axv, 75 páginas, ilustraciones-mapas, gráficas y tablas
502 _aTesis (Especialidad en Comando y Estado Mayor Conjunto). -- Instituto Superior para la Defensa (INSUDE). Escuela de Graduados en Comando y Estado Mayor “General de División Gregorio Luperón”, 2014.
504 _aIncluye referencias bibliográficas e índices
505 _aAntecedentes históricos de las acciones cívicas en las Fuerzas Armadas de la República Dominicana. -- Marco jurídico de los planes de acción cívica de las Fuerzas Armadas de la República Dominicana. -- Enfermedades catastróficas y medios para Reducirlas en la República Dominicana. -- Programa de acción cívica del Ejército de República Dominicana para enfermedades catastróficas en apoyo a los ciudadanos de la provincia Dajabón.
650 4 _aEjército -- Acción cívica -- Provincia Dajabón
650 4 _aPlan social de las Fuerzas Armadas -- Apoyo gubernamental
651 4 _aRepública Dominicana. Fuerzas Armadas -- Creación programa enfermedades catastróficas (propuesta)
700 1 _aTorres, Fanny
_easesor
700 1 _aValenzuela Martínez, José J.
_easesor
830 _aINSUDE. Escuela de Graduados en Comando y Estado Mayor “General de División Gregorio Luperón”. Tesis y disertaciones academicas
942 _2CL
_cT